01227nam a2200265 a 450000100100000000500170001000800410002702000180006804000260008610000310011210000360014324500870017926000720026630000210033849000910035949000250045050400730047550400320054850000700058071000610065083000960071183000320080795201050083999900170094400004327620250909091242.0140303s2010 sp 000 0 spa d a9788483471227 aDO-SdBNPbspiacBNPHU1 aFals Borda, Orlando9616861 aJaramillo, Jaime Eduardo97089513aAntología de Orlando Fals Borda /cOrlando Fals Borda ; Jaime Eduardo Jaramillo. aMadrid :bAgencia Española de Cooperación Internacional,c2010. a282 p. ;c24 cm.1 aAntología del pensamiento político, social y económico de América latina ;v261 aCiencias y humanismo aIncluye referencias bibliográficas y notas al pie de las páginas aBibliografía : p. 276-282 aIncluye datos biográficos del autor en al solapa de la cubierta2 aAgencia Española de Cooperación Internacional934585 0aAntología del pensamiento político, social y económico de América latinav26970870 0aCiencias y humanismo970218 001050718MOaGRbGRcCTd2014-03-04iLF1l0o p43276-10r2020-06-25w2020-06-25y1ZNo se presta c42765d42765